|
|
|
|
| LEADER |
00000cam a2200000 7i4500 |
| 001 |
0000007047 |
| 005 |
20151222.0 |
| 008 |
070828 |
| 020 |
|
|
|a 9831283414
|
| 090 |
0 |
0 |
|a JF
|b MOR JAW (6899)
|
| 245 |
0 |
0 |
|a Setia Kawan
|
| 260 |
|
|
|a Kuala Lumpur :
|b Penerbitan Fargoes ,
|c 2005
|
| 440 |
|
|
|a Cerita nasihat
|
| 500 |
|
|
|a Children ages 7-9 years old (orange)
|
| 650 |
|
0 |
|a Junior fiction
|x jawi
|
| 650 |
|
0 |
|a Moral
|
| 999 |
|
|
|a 0000899668
|b Book
|c Children Collection
|e Cawangan Tmn. Ungku Tun Aminah
|
| 999 |
|
|
|a 0000899675
|b Book
|c Children Collection
|e Cawangan Mersing
|
| 999 |
|
|
|a 0000899676
|b Book
|c Children Collection
|e Cawangan Mersing
|
| 999 |
|
|
|a 0000919338
|b Book
|c Children Collection
|e Cawangan Bukit Gambir
|
| 999 |
|
|
|a 0000988421
|b Book
|c Children Collection
|e Perbadanan Perpustakaan Awam Johor
|
| 999 |
|
|
|a 0000988422
|b Book
|c Children Collection
|e Perbadanan Perpustakaan Awam Johor
|
| 999 |
|
|
|a 0000988423
|b Book
|c Children Collection
|e Cawangan Urban Transformation Centre
|
| 999 |
|
|
|a 0000988424
|b Book
|c Children Collection
|e Cawangan Segamat
|
| 999 |
|
|
|a 0001214975
|b Book
|c Children Collection
|e Cawangan Kota Tinggi
|
| 999 |
|
|
|a 0001214981
|b Cassette
|c Children Collection
|e Cawangan Taman Universiti
|
| 999 |
|
|
|a 0001214982
|b Book
|c Children Collection
|e Cawangan Tmn. Ungku Tun Aminah
|
| 999 |
|
|
|a 0001214983
|b Book
|c Children Collection
|e Cawangan Segamat
|
| 999 |
|
|
|a 0001214984
|b Book
|c Children Collection
|e Cawangan Pontian
|
| 999 |
|
|
|a 0001214986
|b Book
|c Children Collection
|e Cawangan Taman Universiti
|
| 999 |
|
|
|a 0001214987
|b Book
|c Children Collection
|e Cawangan Bukit Gambir
|
| 999 |
|
|
|a 0001214988
|b Book
|c Children Collection
|e Cawangan Mersing
|